00000000nam##2200000za#4500
0019.615386
003CaOODSP
00520210615101115
007ta
008150406|2000||||xxc|||||     f|0| 0 eng|d
020 |a0-660-18339-0
022 |a1200-5223
040 |aCaOODSP|beng
043 |an-cn---
0861 |aCS11-0019/156E
24504|aThe impact of international trade on the wages of Canadians / |cby Omar Zakhilwal.
260 |aOttawa - Ontario : |bStatistics Canada. |c2000.
300 |a15p. : |breferences, tables ; |c28 cm.
4901 |aResearch paper series|x1200-5223|v156
500 |a"Developments in the relative wages of more and less educated workers during the early 1990s are studied in this paper, with particular attention being paid to the impact of international trade."--Page 1.
563 |aSoftcover
590 |a01-03|b2001-01-19
7102 |aStatistics Canada. |bAnalytical Studies Branch.
7201 |aZakhilwal, Omar
7760#|tThe impact of international trade on the wages of Canadians / |w(CaOODSP)9.557510
830#0|aResearch paper series,|x1200-5223|v156|w(CaOODSP)9.514463